Central Library OPAC University of Rajshahi

STUDIES ON THE EFFECT OF WEEDING ON THE GROWTH AND YIELD OF WHEAT (Triticum aestivum L.) AND INTERCROPPING WITH GRAM (Cicer arietinum L.) / (Record no. 80816)

MARC details
000 -LEADER
fixed length control field 01248nam a2200277 a 4500
001 - CONTROL NUMBER
RUCL Control Number 80816
003 - CONTROL NUMBER IDENTIFIER
rucl marc code BD-RjUL
005 - DATE AND TIME OF LATEST TRANSACTION
control field 20231018133401.0
008 - FIXED-LENGTH DATA ELEMENTS--GENERAL INFORMATION
fixed length control field 221121s2012 bg a|||| m||| 00| 0 eng d
035 ## - SYSTEM CONTROL NUMBER
system control number (BD-RjUL)80816
040 ## - CATALOGING SOURCE
Original cataloging agency BD-RjUL
Language of cataloging eng
Transcribing agency BD-RjUL
Modifying agency BD-RjUL
041 ## - LANGUAGE CODE
Language code of Book eng
082 ## - DEWEY DECIMAL CLASSIFICATION NUMBER
DDC Edition number 23
Classification number 633.11
Author mark and Year MRS 2012
100 ## - MAIN ENTRY--PERSONAL NAME
Personal name MRIDHA, MD. HELAL UDDIN
9 (RLIN) 5943
245 ## - TITLE STATEMENT
Title STUDIES ON THE EFFECT OF WEEDING ON THE GROWTH AND YIELD OF WHEAT (Triticum aestivum L.) AND INTERCROPPING WITH GRAM (Cicer arietinum L.) /
Statement of responsibility, etc By MD. HELAL UDDIN MRIDHA ;
Name of Supervisor/Co-Supervisor Supervisor: Md. Hasan Tarique ; Co-Supervisors: M. Shamsur Rahman & Nishit Kumar Paul
260 ## - PUBLICATION, DISTRIBUTION, ETC. (IMPRINT)
Place of publication, distribution, etc Rajshahi :
Name of publisher, distributor, etc Department of Agronomy and Agricultural Extension, University of Rajshahi,
Date of publication, distribution, etc 2012
300 ## - PHYSICAL DESCRIPTION
Pagination [5], xxii, 208 leaves :
Other physical details ill.;
Dimensions 29 cm.
500 ## - GENERAL NOTE
General note Thesis (Ph. D.) -- Department of Agronomy and Agricultural Extension, University of Rajshahi,2012
502 ## - DISSERTATION NOTE
Dissertation note References : Leaves 189-205
650 ## - SUBJECT ADDED ENTRY--TOPICAL TERM
Topical term or geographic name as entry element Wheat Breeding
General subdivision Yield
9 (RLIN) 5944
Topical term or geographic name as entry element Weeds control
General subdivision Organic farming
9 (RLIN) 5945
700 ## - ADDED ENTRY--SUPERVISOR/CO-SUPERVISOR NAME
Personal name Tarique, Md. Hasan, Supervisor
9 (RLIN) 1882
Personal name Rahman, M. Shamsur, Co-Supervisors
9 (RLIN) 5946
Personal name Paul, Nishit Kumar, Co-Supervisors
9 (RLIN) 5947
942 ## - ADDED ENTRY ELEMENTS (KOHA)
Source of classification or shelving scheme Dewey Decimal Classification
Koha item type Theses
Holdings
Source of classification or shelving scheme Damaged status Not for loan Collection code Permanent Location Current Location Shelving location Date of accession Source of acquisition Total Checkouts Full call number Barcode Date last seen Copy number Thesis
Dewey Decimal Classification   Not For Loan Theses Central Library, University of Rajshahi Central Library, University of Rajshahi Documentation Section 12/10/2013 Controller of Exam. R.U.   THE 633.11 MRS 2012 D3507 21/11/2022 C-1 Theses